[Event "AUTO-OPEN-4621"]
[Site "http://www.queenalice.com/game.php?id=1871170"]
[Date "2026.3.29"]
[Round "2"]
[White "Tonto"]
[Black "rmvwoods"]
[Result "1-0"]
[WhiteElo "2020"]
[BlackElo "2033"]

1. e4 e6 2. Nf3 d5 3. e5 c5 4. Be2 Ne7 5. b3 Nbc6 6. Bb2 Ng6 7. d3 d4 8. Nbd2
Ncxe5 9. O-O Bd6 10. c3 dxc3 11. Bxc3 O-O 12. Ne4 Nxf3+ 13. Bxf3 Qc7 14. g3 e5
15. Re1 Bh3 16. Ng5 Bd7 17. Bd5 Bc6 18. Bxc6 Qxc6 19. Qh5 h6 20. Ne6 fxe6 21.
Qxg6 Rf6 22. Qg4 Raf8 23. f4 Bc7 24. Bxe5 Bxe5 25. Rxe5 b6 26. Rae1 Qd7 27. Rxe6
Qxd3 28. Re8 Qf5 29. Rxf8+ Kxf8 30. Qe2 Kg8 31. Qe8+ Kh7 32. Qe4 Qxe4 33. Rxe4
Rd6 34. Re2 a6 35. Kg2 b5 36. Kh3 Rc6 37. Kg4 c4 38. bxc4 Rxc4 39. h4 Rc7 40.
Re6 a5 41. Rb6 Rc5 42. Rb7 a4 43. f5 Rc4+ 44. Kh5 Kg8 45. Rxb5 Rc2 46. Rb4 Rxa2
47. Kg6 Kf8 48. Rb8+ Ke7 49. Kxg7 Rf2 50. f6+ Ke6 51. Rb6+ 1-0

[Event "AUTO-OPEN-4648"]
[Site "http://www.queenalice.com/game.php?id=1871999"]
[Date "2026.4.15"]
[Round "1"]
[White "rmvwoods"]
[Black "game"]
[Result "1-0"]
[WhiteElo "2045"]
[BlackElo "1585"]

1. e4 d6 2. d4 Nf6 3. Bd3 Nc6 4. d5 Ne5 5. Nc3 e6 6. Bg5 exd5 7. exd5 Be7 8.
Bxf6 Bxf6 9. Nf3 O-O 10. Nxe5 Bxe5 11. Qd2 Qf6 12. Ne4 Qf5 13. Nc3 Qf6 14. O-O
c6 15. dxc6 bxc6 16. Ne4 Qe6 17. Ng5 Qd7 18. c3 Qb7 19. Bxh7+ Kh8 20. Bd3 Kg8
21. f4 Bf6 22. Nh7 Re8 23. Nxf6+ gxf6 24. Rae1 Be6 25. b3 a5 26. f5 Qb6+ 27. Kh1
Bd7 28. Qh6 Qc5 29. Qxf6 Rxe1 30. Qg5+ Kf8 31. Qh6+ Kg8 32. Rxe1 Qxc3 33. Qg5+
Qg7 34. Qxg7+ Kxg7 35. g4 Kh6 36. h4 Rg8 37. Rg1 Re8 38. Rg3 Re1+ 39. Kh2 Ra1
40. a4 Ra3 41. Bc2 Ra2 42. Rg2 c5 43. g5+ Kh5 44. Bd1+ Kxh4 45. Rxa2 Kxg5 46.
Rd2 Bxf5 47. Rxd6 Be4 48. Ra6 Kh4 49. Rxa5 f5 50. Rxc5 f4 51. Rc4 1-0